000
00308nam a22001457a 4500
008
210604b ||||| |||| 00| 0 eng d
020
_a
9780558382698
041
_a
eng
080
_a
510
082
_a
510
100
_a
36
101
_a
MAT
245
_a
Intermediate Algebra
_c
Gay,E.M
942
_2
udc
_c
BK
999
_c
57946
_d
57946